01033naa a2200181 a 450000100080000000500110000800800410001910000220006024501010008226000090018352005340019265300100072665300180073665300150075465300130076965300140078277300550079611245262015-10-26 2015 bl uuuu u00u1 u #d1 aBALDISSERA, I. T. aA busca da qualidade da ??gua - desafio para a regi??o Oeste Catarinense.h[electronic resource] c2015 aTrata da qualidade da ??gua na regi??o Oeste Catarinense. Embora exista boa disponibilidade de ??gua devido as chuvas regulares (chove em m??dia 2000 mm/ano na regi??o), persistem ocorr??ncias de polui????o e mau manejo das lavouras. Estes fatos, comprometem a qualidade de ??gua aumentando o custo de tratamento e a preocupa????o de entidades como o Comite de Bacias Chapec?? & Iran??. Projetos elencados foram e est??o sendo desenvolvidos para supera????o do desafio de obten????o de ??gua em qualidade e quantidade na regi??o. a??gua amonitoramento apolui????o aprojetos aqualidade tJornal Gazeta da Manh??, Chapec??, SC, p. 2, 2015.